000 00453nam a2200181Ia 4500
003 GCL
008 140319s9999 xx 000 0 eng d
040 _aGCL /
_cGCL
082 0 4 _a843
_bR S
100 1 _aRACHET, GUY
245 1 0 _aLE SOLEIL DE LA PERSE /
_cRACHET, GUY
260 _a[S.N] :
_bLA TABLE RONDE ،
_c1992
300 _a438 P
490 _aCOLLECTION FOLIO
_v0
650 0 4 _aLITERATURE
650 0 4 _aFRENCH LITERATURE
942 _2ddc
_cBK
999 _c22177
_d22177